| 000 | 00000nam##2200000za#4500 |
| 001 | 9.698194 |
| 003 | CaOODSP |
| 005 | 20210624235823 |
| 007 | cr ||||||||||| |
| 008 | 150407|1998||||xxc|||||o f|0| 0 eng|d |
| 040 | |aCaOODSP|beng |
| 043 | |an-cn--- |
| 086 | 1 |aRH64-117/1998E-PDF |
| 110 | 1 |aCanada.|bHuman Resources Development Canada. |bStrategic Policy. |
| 245 | 10|aCareer Services Strategic Initiatives Program - formative evaluation / |h[electronic resource]|c[by] Evaluation and Data Development, Strategic Policy, Human Resources Development Canada and Saskatchewan Post-Secondary Education and Skills Training. |
| 260 | |aOttawa - Ontario : |bHuman Resources Development Canada. |cApril 1998. |
| 300 | |a64p.|borganization charts, tables |
| 590 | |a13-18-Supp|b2013-08-01 |
| 775 | 08|tServices d'orientation professionnelle - programme des initiatives stratégiques - évaluation formative / |w(CaOODSP)9.642188 |
| 856 | 40|ahttp://publications.gc.ca|qPDF|s103 KB|uhttps://publications.gc.ca/collections/collection_2013/rhdcc-hrsdc/RH64-117-1998-eng.pdf |
| 986 | |aSP-AH076E-04-98 |